| 000 | 01282nac a22003611u 4500 | ||
|---|---|---|---|
| 999 |
_c4147 _d4147 |
||
| 003 | EG-ScBUE | ||
| 005 | 20201010130556.0 | ||
| 008 | 090416t2005 maua f b 001 0 eng d | ||
| 020 | _a0072869054 (student ed. : text : alk. paper; part of pkg. ISBN 0072971223) | ||
| 020 | _a9780071249782 | ||
| 020 | _a0071249788 | ||
| 040 |
_aEG-ScBUE _beng _erda _cEG-ScBUE _dEG-ScBUE |
||
| 082 | 0 | 4 |
_a658.5 _bSTE _222 |
| 100 |
_aStevenson, William J., _eauthor. _93789 |
||
| 245 | 1 | 0 |
_aOperations Management / _cWilliam J. Stevenson, Rochester Institute of Technology. |
| 250 | _aEighth edition. | ||
| 250 | _aInternational edition. | ||
| 264 | 1 |
_aBoston : _bMcGraw-Hill, _c[2005] |
|
| 264 | 4 | _cc2005 | |
| 300 |
_axiv, 871 pages : _billustrations (some color) ; _c29 cm + _e1 video disc |
||
| 336 |
_2rdacontent _atext _btxt |
||
| 336 |
_2rdacontent _atwo-dimensional moving image _btdi |
||
| 337 |
_2rdamedia _aunmediated _bn |
||
| 337 |
_2rdamedia _avideo _bv |
||
| 338 |
_2rdacarrier _avolume _bnc |
||
| 338 |
_2rdacarrier _avideodisc _bvd |
||
| 500 | _aIncludes appendix. | ||
| 504 | _aIncludes bibliographical references and index. | ||
| 650 | 7 |
_aProduction management. _2BUEsh _93791 |
|
| 653 |
_bBUSADM _cOctober2020 |
||
| 655 | _vReading book | ||
| 942 |
_cBB _k658.5 STE _2ddc |
||